LEADER 01305nam a2200313 i 4500 001 000000148926 003 CaOOAMICUS 005 20060320000000.0 008 060320s1989 it u000 u ita u 013 $a126244 020 $a88-85221-03-3 040 $aSeMil$bita 100 1 $aBello, Antonio,$c.$0(OLS)http://semarc/name/4578 245 10$aSui sentieri di Isaia /$cAntonio Bello. 250 $a2. ed. 260 $aMolfetta (BA) :$bLa Meridiana,$cCopyr. 1989. 260 $aMolfetta (Ba) :$bLuce e vita,$cCopyr. 1989. 300 $a263 p. ;$c21 cm. 490 0 $aPaginealtre : lungo i sentieri della differenza 650 4$aPace - Concezione biblica.$0(OLS)http://semarc/subject/8533 650 4$aPace - Concezione cristiana.$0(OLS)http://semarc/subject/1623 830 0$aPaginealtre.$0(OLS)http://semarc/title/7770 850 $aSeMil 852 $aSeMil$W1$xVenegono$y1$m3F III 21$j101249$B101249$CSeMilBibl$Z2$F110389 $81 961 $aOmaggio: Altro 996 $6020$a88-85221-03-3$9(OLS)http://semarc/number/137915 996 $6245$aSui sentieri di Isaia$9(OLS)http://semarc/title/217678 996 $6260$aMolfetta (Ba) :$bLuce e vita$9(OLS)http://semarc/publisher/32290 996 $6260$aMolfetta (BA) :$bLa Meridiana$9(OLS)http://semarc/publisher/32072 LEADER 01590nam a2200325 4500 001 000000359707 003 CaOOAMICUS 005 20240906140844.0 008 240906s2021 it 000 u ita r 020 $a978-88-266-0635-4 040 $aSeMil$bita 100 1 $aBozzetti, Maria Rita.$0(OLS)http://semarc/name/120368 245 10$aDialogo con Teresa /$cMaria Rita Bozzetti ; prefazione Cardinale Marcello Semeraro ; introduzione Vincenzo Guarracino ; nota Madre Benedetta Grasso ; postfazione Don Carmelo Mezzasalma. 264 1$aCittą del Vaticano :$bLibreria Editrice Vaticana,$c2021. 300 $a255 p. ;$c22 cm 490 1 $aCoelum et terra. Editio maior 541 0 $aOmaggio mons. Mario Delpini 600 04$aTeresa : del Bambino Gesł .$0(OLS)http://semarc/subject/1572 700 1 $aMezzasalma, Carmelo,$d<1945- >.$0(OLS)http://semarc/name/45866 700 1 $aGrasso, Benedetta$b.$0(OLS)http://semarc/name/120369 700 1 $aGuarracino, Vincenzo,$d<1948- >.$0(OLS)http://semarc/name/7021 830 0$aCoelum et terra. Editio maior.$0(OLS)http://semarc/title/450115 850 $aSeMil 852 $aSeMil$W1$xVenegono$y1$m2C VI 284$j250652$B250757$CSeMilBibl$Z2$F250757 $81 941 1 $a7 961 $aOmaggio mons. Mario Delpini. ? Con dedica 996 $6020$a978-88-266-0635-4$9(OLS)http://semarc/number/301206 996 $6245$aDialogo con Teresa$9(OLS)http://semarc/title/450110 996 $6264$aCittą del Vaticano :$bLibreria Editrice Vaticana$9(OLS)http://semarc/publisher/29734